| Tag |
First Indicator |
Second Indicator |
Subfields |
| LEADER |
00000cam a2200000 a 4500 |
| 001 |
in00000019133 |
| 005 |
20151007054156.0 |
| 008 |
870702c19871984nyu 00011 eng |
| 010 |
|
|
|a 87018969
|
| 020 |
|
|
|a 0802710085 :
|c $15.95
|
| 035 |
|
|
|a (OCoLC)16225816
|
| 035 |
|
|
|9 AAB4219AM
|
| 040 |
|
|
|a DLC
|c DLC
|d TXA
|d UtOrBLW
|
| 049 |
|
|
|a TXAM
|c [A11112964]
|
| 050 |
0 |
0 |
|a PR6013.U64
|b B5 1987
|
| 082 |
0 |
|
|a 823/.912
|2 19
|
| 100 |
1 |
|
|a Gunn, Neil M.,
|d 1891-1973.
|
| 245 |
1 |
0 |
|a Blood hunt /
|c Neil M. Gunn.
|
| 264 |
|
1 |
|a New York :
|b Walker,
|c 1987
|
| 264 |
|
4 |
|c ©1984
|
| 300 |
|
|
|a 250 pages ;
|c 22 cm.
|
| 336 |
|
|
|a text
|b txt
|2 rdacontent
|
| 337 |
|
|
|a unmediated
|b n
|2 rdamedia
|
| 338 |
|
|
|a volume
|b nc
|2 rdacarrier
|
| 999 |
|
|
|a MARS
|
| 999 |
f |
f |
|s 4e2d00a5-1fc0-32bc-b421-ad589beca744
|i facb8c49-10ee-372a-a55a-1c88c7611c2a
|t 0
|
| 952 |
f |
f |
|p normal
|a Texas A&M University
|b College Station
|c Sterling C. Evans Library
|d Evans: Library Stacks
|t 0
|e PR6013.U64 B5 1987
|h Library of Congress classification
|i unmediated -- volume
|m A14811112964
|
| 998 |
f |
f |
|a PR6013.U64 B5 1987
|t 0
|l Evans: Library Stacks
|